000 00448nam a2200145Ia 4500
003 OSt
005 20260120152024.0
008 211028s2014 xx 000 0 und d
040 _cAIMIT LIBRARY
041 _aeng
100 _aPrathyaksha; James, Justine.
_g1216088
_97201
245 _aStudy on customer satisfaction towards chevrolet cars with reference to fontline automobiles /
260 _aMangalore
_bJustine James
_c2014
942 _2ddc
_cPRO
999 _c218771
_d218771